01516nam a2200349 a 4500001001000000003000500010005001700015008004100032010001100073011001100084040000900095090001000104100003800114245018200152260004100334500006000375502007700435590004000512590004000552590004000592650005000632650003700682650003500719650003400754856007000788901000700858942001000865942000600875999001900881952013100900952013501031000114045CHAP20220329144424.0171023s2017 mx a fsm |||||||spa d a110506 a111478 cCHAP aTesis1 aJiménez Cubas, Arquelao913388710aEvaluación de dos inoculantes de segunda generación en dos variedades de cacahuate (Arachis hypogaea L.) en Mazatepec, Morelos /h[En línea]cpor Arquelao Jiménez Cubas. aChapingo, Méx. :bEl autor,c2017. aPara ver el contenido del material haga clic en la liga aTesis (Ing. Agr. Esp. en Fitotecnia) -- UACH. Departamento de Fitotecnia aE8697GMMb05c20171023lUCH01h1428 aE8697GMMb05c20171023lUCH01h1451 aE8697GMMb05c20171023lUCH01h145214aCacahuatexEnfermedades por bacterias.91686714aCacahuatexInoculación.91688114aCacahuatexRendimiento.91690014aCacahuatexVariedades.916912 aFinding aiduhttp://10.13.5.2/tesis/sist114045.pdfzTeclea aquí aBK cTESIS n0 c110506d110506 00104054718TESISaBCbBCd2017-10-23fTESISl0oTesisp114046-10r2019-12-31 00:00:00w2019-12-31yTESISzRecien adquirido 00102local4053708TESISaBCbBCcPA_TESISd2017-10-23fTESISl0oTesisp114046-20r2019-12-31 00:00:00tc.2w2019-12-31yTESIS